| 000 | 01244cam a22003611 4500 | ||
|---|---|---|---|
| 001 | data | ||
| 005 | 20260322212106.0 | ||
| 008 | data | ||
| 035 | _a7022206 | ||
| 906 |
_a7 _bcbc _coclcrpl _du _encip _f19 _gy-gencatlg |
||
| 010 | _a 60026054 | ||
| 035 | _9(DLC) 60026054 | ||
| 035 | _a(OCoLC)5729203 | ||
| 040 |
_aDLC _cViU-L _dDLC |
||
| 042 | _apremarc | ||
| 050 | 0 | 0 |
_aKJC1720 _b.G67 1958 |
| 100 | 1 | _aGorla, Gino. | |
| 245 | 0 | 3 |
_aLe contrat dans le droit continental et en particulier dans le droit français et italien _c(résumé d'un cours) |
| 260 |
_aTurin, _bInstitut universitaire d'études européennes, _c1958. |
||
| 300 |
_avii, 196 p. _c24 cm. |
||
| 336 |
_atext _btxt _2rdacontent |
||
| 337 |
_aunmediated _bn _2rdamedia |
||
| 338 |
_avolume _bnc _2rdacarrier |
||
| 490 | 1 | _aInstitut universitaire d'études européennes. [Publications] 4 | |
| 650 | 0 | _aContracts. | |
| 650 | 0 |
_aContracts _zFrance. |
|
| 650 | 0 |
_aContracts _zItaly. |
|
| 810 | 2 |
_aIstituto universitario di studi europei (Turin, Italy). _t[Publications] ; _v4. |
|
| 985 | _eOCLC REPLACEMENT cdsdistr | ||
| 991 |
_bc-LL _hLAW <General "Gorl"> _tCopy 1 _wOCLCREP |
||
| 999 |
_c1568 _d1568 |
||